الموسوعة الصحية للمرأة العصرية دليل طبي لمتاعب المرأة الصحية و النفسية في مختلف الأعمار / (رقم التسجيلة. 128773)

تفاصيل مارك
000 -LEADER
fixed length control field 00604nam a22001817a 4500
005 - DATE AND TIME OF LATEST TRANSACTION
control field 20251108175217.0
008 - FIXED-LENGTH DATA ELEMENTS--GENERAL INFORMATION
fixed length control field 250721s2002 xx 000 0 ara d
082 14 - DEWEY DECIMAL CLASSIFICATION NUMBER
Classification number 618.1/حسي
100 1# - MAIN ENTRY--PERSONAL NAME
Personal name الحسيني، ايمن
245 10 - TITLE STATEMENT
Title الموسوعة الصحية للمرأة العصرية دليل طبي لمتاعب المرأة الصحية و النفسية في مختلف الأعمار /
264 ## - PRODUCTION, PUBLICATION, DISTRIBUTION, MANUFACTURE, AND COPYRIGHT NOTICE
Name of producer, publisher, distributor, manufacturer مكتبة ابن سينا،
Date of production, publication, distribution, manufacture, or copyright notice 2002.
300 ## - PHYSICAL DESCRIPTION
Extent 318ص.
650 17 - SUBJECT ADDED ENTRY--TOPICAL TERM
Topical term or geographic name as entry element الصحة
650 17 - SUBJECT ADDED ENTRY--TOPICAL TERM
Topical term or geographic name as entry element المرأة
650 17 - SUBJECT ADDED ENTRY--TOPICAL TERM
Topical term or geographic name as entry element الموسوعات
942 ## - ADDED ENTRY ELEMENTS (KOHA)
Source of classification or shelving scheme Dewey Decimal Classification
Koha item type كتب
المقتنيات
حالة السحب حالة الفقدان مصدر التصنيف حالة التلف غير قابل للإعارة المكتبة الرئيسية المكتبة الحالية موقع الرف تاريخ التزويد الرقم المتسلسل Total Checkouts رقم الإستدعاء الباركود تاريخ آخر ظهور تاريخ الفاتورة نوع المادة (كوها)
    Dewey Decimal Classification     مكتبة الياسمين للأطفال مكتبة الياسمين للأطفال الإعارة 28/07/2025 559022   618.1/حسي PLD00295024 28/07/2025 28/07/2025 كتب
Implemented & Customized by: BBB with SCIT (Smart Chains for Information Technology)

Powered by Koha